| 000 | 00518cam a2200145 4500 | ||
|---|---|---|---|
| 001 | J119378 | ||
| 008 | 020816n1952 000 0 eng u | ||
| 035 | _a(Sirsi) u119378 | ||
| 050 | _a348.41047 | ||
| 110 | _aIncoporated Council of Law Reporting for England and Wales | ||
| 245 | 4 | _aThe law reports under the superintendence and control of the Incorporated Council of Law Reporting for England and Wales. twenty years' digest 1931 to 1950... | |
| 260 |
_aLondon _bICLR _c1952 |
||
| 300 |
_a3v. _c24cm. |
||
| 942 | _n0 | ||
| 999 |
_c102303 _d102303 |
||